| 000 | 00410cam a2200169ua 4500 | ||
|---|---|---|---|
| 020 | _c1.50 | ||
| 041 |
_amal _h |
||
| 082 |
_a894.8125 _bTOY/EK |
||
| 100 | _aToynbee, Arnold . | ||
| 245 |
_aEkalokavum bharatharo / _cArnold Toynbee. _hTextual Documents |
||
| 260 |
_aIndia : _bNational Book Trust , _c1963. |
||
| 300 | _a99 ; . | ||
| 365 | _a1.50 | ||
| 504 | _a | ||
| 942 | _cBK | ||
| 999 |
_c5944 _d5944 |
||